| 000 | 00614nam a22002057a 4500 | ||
|---|---|---|---|
| 999 |
_c7377 _d7377 |
||
| 003 | OSt | ||
| 005 | 20211025124419.0 | ||
| 008 | 211025b ||||| |||| 00| 0 eng d | ||
| 020 | _a9780071610155 | ||
| 040 | _cDDC | ||
| 082 | _a330.0151DOW 2001 | ||
| 100 |
_aDowling,Edward T.; _915113 |
||
| 245 |
_aTheory and Problems of Introduction To Mathematical Economics. _cEdited by Dowling,Edward T.; |
||
| 250 | _a3rd Ed. | ||
| 260 |
_aNew York. _bMcGraw-Hill Education. _c2001. |
||
| 300 |
_aviii,523p; _bill; _c25cm. |
||
| 504 | _aIncludes; Index. | ||
| 650 |
_aMathematical Economics _915111 |
||
| 942 |
_2ddc _cO_SHELF |
||